A Rozsnyói járásban nem jutott elég vezetö tisztség a gyözteseknek A kisebbségi nyelvhasználati törvény paragrafusainak érvényesítésével kapcsolatban a járási szervezet már kérte az MKP országos tanácsát, lássa el öket utasításokkal

Bibliographic Details
Main Author: Kmotrik, Péter, 1970- (Author)
Corporate Author: Strana maďarskej koalície - Magyar Koalíció Pártja (Author)
Format: Article
Language:Hungarian
Slovak
PhysicalDescription:1 foto
Subjects:

MARC

LEADER 00000nab a2200000 a 4500
001 vtls001006332
003 SK-MaSNL
005 20260318115040.0
008 040720e19991028xo 0 hun
035 |a RV6932 
040 |a RVGKPD  |b slo  |c RVGKPD  |e AACR2 
041 0 |a slo 
044 |a xo  |c SK 
080 |a 329.73(437.6=945.11)  |2 1981 
100 1 |a Kmotrik, Péter,  |d 1970-  |4 aut  |9 107582 
245 1 0 |a A Rozsnyói járásban nem jutott elég vezetö tisztség a gyözteseknek  |b A kisebbségi nyelvhasználati törvény paragrafusainak érvényesítésével kapcsolatban a járási szervezet már kérte az MKP országos tanácsát, lássa el öket utasításokkal 
300 |b 1 foto 
610 2 7 |a Strana maďarskej koalície - Magyar Koalíció Pártja  |2 RVGKPD  |9 229268 
650 0 7 |a výsledky volebné  |2 RVGKPD  |9 1019444 
650 0 7 |a politická činnosť  |2 RVGKPD  |9 4445 
651 7 |a Rožňava (Slovensko : okres)  |2 RVGKPD  |9 19215 
655 7 |a periodikum  |2 snkbucl  |9 29553 
710 2 |a Strana maďarskej koalície - Magyar Koalíció Pártja  |4 aut  |9 229268 
773 0 8 |t Új Szó  |g Roč. 52, č.249, 28.10.1999 
773 0 8 |i Príl.:  |t Régióink. - Roč. 2, č. 31 (28.10.1999), s. 2 
852 |a ZVYKNI  |b KIS3GCP 
999 |c 3339246  |d 3341176